000
00334nam a2200133 a 4500
005
20141022141959.0
008
120229s19uu xx 00 eng d
050
_a
CD-ROM
_b
H22 2002
100
_a
Harrower, Tim
245
_a
the newspaper designers handbook /
_c
Tim Harrower.
250
_a
5th ed.
260
_c
2002.
942
_c
AVM
999
_c
276186
_d
276186